| 000 | 00430nam a2200145Ia 4500 | ||
|---|---|---|---|
| 041 | _aKurdish | ||
| 082 | _a321,07 cut-923 ر | ||
| 100 | _a20260118u\\\\\\\\\\\y0engy0103\\\\ba | ||
| 100 | _aموزەفەر هەمزە زەزا | ||
| 245 | 0 | _aچەپکیک پرۆژەى گۆڕا نخوازیى و چاکسازى | |
| 250 | _aچ1 | ||
| 260 |
_bچاپخانە رۆژهەڵات _aهەوڵیر _c2015 |
||
| 300 | _a456 | ||
| 942 | _cBk | ||
| 999 |
_c189307 _d189307 |
||